|
|
|
|
| LEADER |
00000cam a22000002c 4500 |
| 001 |
1092573232 |
| 003 |
DE-627 |
| 005 |
20220514131358.0 |
| 007 |
tu |
| 008 |
901213s1979 xx ||||| 00| ||fre c |
| 035 |
|
|
|a (DE-627)1092573232
|
| 035 |
|
|
|a (DE-576)022573232
|
| 035 |
|
|
|a (DE-599)BSZ022573232
|
| 035 |
|
|
|a (OCoLC)311407422
|
| 040 |
|
|
|a DE-627
|b ger
|c DE-627
|e rakwb
|
| 041 |
|
|
|a fre
|
| 100 |
1 |
|
|a Levy, Thomas Evan
|d 1953-
|0 (DE-588)136270085
|0 (DE-627)578467194
|0 (DE-576)164855106
|4 aut
|
| 109 |
|
|
|a Levy, Thomas Evan 1953-
|a Levy, Thomas E. 1953-
|a Evan-Levy, Thomas 1953-
|a Lewi, Tomas 1953-
|a Levi, Thomas 1953-
|a Levy, Thomas 1953-
|a Evan Levy, Thomas 1953-
|
| 245 |
1 |
3 |
|a Le désir de punir
|b essai le privilège pénal
|c Thierry Levy
|
| 264 |
|
1 |
|a Paris
|b Fayard
|c 1979
|
| 300 |
|
|
|a 259 S.
|
| 336 |
|
|
|a Text
|b txt
|2 rdacontent
|
| 337 |
|
|
|a ohne Hilfsmittel zu benutzen
|b n
|2 rdamedia
|
| 338 |
|
|
|a Band
|b nc
|2 rdacarrier
|
| 583 |
1 |
|
|a Archivierung prüfen
|c 20200919
|f DE-640
|z 1
|2 pdager
|
| 951 |
|
|
|a BO
|
| ELC |
|
|
|b 1
|
| LOK |
|
|
|0 000 xxxxxcx a22 zn 4500
|
| LOK |
|
|
|0 001 2156006342
|
| LOK |
|
|
|0 003 DE-627
|
| LOK |
|
|
|0 004 1092573232
|
| LOK |
|
|
|0 005 20020606000000
|
| LOK |
|
|
|0 008 901213||||||||||||||||ger|||||||
|
| LOK |
|
|
|0 040
|a DE-21
|c DE-627
|d DE-21
|
| LOK |
|
|
|0 852
|a DE-21
|
| LOK |
|
|
|0 852 1
|c KB 10 A 981
|9 00
|
| LOK |
|
|
|0 935
|a krim
|
| LOK |
|
|
|0 936ln
|a k5.1
|
| LOK |
|
|
|0 939
|a 13-12-90
|b l01
|
| ORI |
|
|
|a SA-MARC-krimdoka001.raw
|
| SIG |
|
|
|a UB: KB 10 A 981
|